000 00518nam a2200181Ia 4500
003 GCL
008 140319s9999 xx 000 0 ara d
040 _aGCL /
_cGCL
082 0 4 _a910.41
_bم ر
100 1 _aمارسدن, وليم
245 1 0 _aرحلات ماركوبولو ج2 , ج3 /
_cمارسدن, وليم
700 1 _aعبدالعزيز توفيق جاويد
490 _a100 قصة
_v0
650 0 4 _aالمغول
650 0 4 _aوصف ورحلات
650 0 4 _aاسيا - تاريخ
942 _2ddc
_cBK
999 _c43816
_d43816